000 00755nam a22001577a 4500
003 OSt
005 20151024155032.0
008 151024b xxu||||| |||| 00| 0 eng d
040 _cRUA
082 _aAVM GOV 2013 B105 Or.1
100 _92822
_aGOV, SOK LEANG.
245 _aEffect of using DDGS on quail growth in animal experimental station at royal university of agriculture, ឥទ្ធិពលនៃការប្រើប្រាស់​ DDGS​ លើការលូតលាស់ក្រួចនៅស្ថានីយ៍ពិសោធន៍សត្វ នៃសាកលវិទ្យាល៍យភូមិន្ធកសិកម្ម.
260 _aphnom phen
_bRUA
_c2013
300 _aX,47p.
_bill.
_c29cm.
942 _2ddc
_cAVM
999 _c2641
_d2641